Cultureshock! : Italy : A survival guide to customs and etiquette

Guardado en:
Detalles Bibliográficos
Autor principal: Flower, Raymond
Formato: Libro
Lenguaje:Undetermined
Publicado: Singapore Marshall Cavendish 2005
Materias:
Etiquetas: Agregar Etiqueta
Sin Etiquetas, Sea el primero en etiquetar este registro!
Thư viện lưu trữ: Trung tâm Học liệu Trường Đại học Cần Thơ
LEADER 00653nam a2200217Ia 4500
001 CTU_128368
008 210402s9999 xx 000 0 und d
020 |c 175000 
082 |a 945 
082 |b F644 
100 |a Flower, Raymond 
245 0 |a Cultureshock! : 
245 0 |b Italy : A survival guide to customs and etiquette 
245 0 |c Raymond Flower and Alessandro Falassi 
260 |a Singapore 
260 |b Marshall Cavendish 
260 |c 2005 
650 |a Italy,Italy 
650 |x Social life and customs.,Đời sống xã hội và phong tục 
904 |i Minh 
980 |a Trung tâm Học liệu Trường Đại học Cần Thơ